[Event "World Chess Olympiad 2018"]
[Site "Batumi"]
[Date "2018.10.04"]
[Round "10"]
[Board "3"]
[WhiteFideId "2106388"]
[White "Supi Luis Paulo"]
[BlackFideId "4202694"]
[Black "Mastrovasilis Dimitrios"]
[Result "1/2-1/2"]
[LiveChessVersion "1.4.8"]
[BlackElo "2594"]
[WhiteElo "2548"]

1. c4 {[%clk 1:30:51]} e6 {[%clk 1:30:50]} 2. g3 {[%clk 1:29:33]} d5
{[%clk 1:31:04]} 3. Nf3 {[%clk 1:29:41]} Nf6 {[%clk 1:31:20]} 4. Bg2
{[%clk 1:30:05]} Be7 {[%clk 1:31:37]} 5. O-O {[%clk 1:30:16]} O-O
{[%clk 1:31:58]} 6. d4 {[%clk 1:28:20]} c6 {[%clk 1:31:42]} 7. Nc3
{[%clk 1:19:58]} b6 {[%clk 1:31:25]} 8. b3 {[%clk 1:17:38]} Bb7 {[%clk 1:30:44]}
9. Bb2 {[%clk 1:11:25]} Nbd7 {[%clk 1:30:21]} 10. Qc2 {[%clk 1:10:34]} Rc8
{[%clk 1:27:10]} 11. Rad1 {[%clk 1:06:30]} c5 {[%clk 0:54:23]} 12. cxd5
{[%clk 1:05:03]} Nxd5 {[%clk 0:53:47]} 13. Nxd5 {[%clk 1:04:59]} Bxd5
{[%clk 0:50:17]} 14. e4 {[%clk 1:02:23]} cxd4 {[%clk 0:50:10]} 15. Qe2
{[%clk 1:00:20]} Bb7 {[%clk 0:49:21]} 16. Nxd4 {[%clk 0:59:34]} Qe8
{[%clk 0:49:24]} 17. Nb5 {[%clk 0:42:26]} Ba6 {[%clk 0:48:43]} 18. a4
{[%clk 0:33:59]} Nc5 {[%clk 0:40:20]} 19. Rfe1 {[%clk 0:30:35]} Nxb3
{[%clk 0:27:57]} 20. Bxg7 {[%clk 0:30:10]} Kxg7 {[%clk 0:27:32]} 21. Qb2+
{[%clk 0:30:21]} Kg8 {[%clk 0:27:13]} 22. Qxb3 {[%clk 0:30:38]} Bxb5
{[%clk 0:26:24]} 23. axb5 {[%clk 0:30:38]} Rc5 {[%clk 0:26:07]} 24. Bf1
{[%clk 0:29:52]} Qc8 {[%clk 0:25:19]} 25. e5 {[%clk 0:27:29]} Rd8
{[%clk 0:21:08]} 26. Qf3 {[%clk 0:22:12]} Rxd1 {[%clk 0:17:18]} 27. Qxd1
{[%clk 0:22:11]} Bf8 {[%clk 0:14:03]} 28. Re4 {[%clk 0:11:43]} Qc7
{[%clk 0:13:08]} 29. Qf3 {[%clk 0:09:22]} Bg7 {[%clk 0:07:00]} 30. Rg4
{[%clk 0:09:37]} Qd8 {[%clk 0:06:48]} 31. Qf6 {[%clk 0:06:54]} Qf8
{[%clk 0:07:17]} 32. Bd3 {[%clk 0:06:01]} Rd5 {[%clk 0:05:13]} 33. Be4
{[%clk 0:03:56]} Kh8 {[%clk 0:05:15]} 34. Qh4 {[%clk 0:03:30]} Rd1+
{[%clk 0:05:33]} 35. Kg2 {[%clk 0:03:59]} h6 {[%clk 0:05:55]} 36. Qh5
{[%clk 0:03:22]} Re1 {[%clk 0:04:01]} 37. Rf4 {[%clk 0:03:00]} Kg8
{[%clk 0:02:41]} 38. Rg4 {[%clk 0:01:49]} Qc5 {[%clk 0:01:24]} 39. Qxh6
{[%clk 0:01:02]} Qxe5 {[%clk 0:01:52]} 40. Qd2 {[%clk 0:30:48]} f5
{[%clk 0:31:30]} 41. Qxe1 {[%clk 0:28:24]} fxg4 {[%clk 0:31:30]} 42. Qe2
{[%clk 0:25:25]} Qg5 {[%clk 0:27:58]} 43. Bc6 {[%clk 0:22:03]} Kf7
{[%clk 0:24:39]} 44. Qa2 {[%clk 0:21:44]} Bd4 {[%clk 0:21:57]} 45. Qxa7+
{[%clk 0:21:49]} Qe7 {[%clk 0:19:58]} 46. Qa2 {[%clk 0:17:46]} Qf6
{[%clk 0:18:28]} 47. Qc2 {[%clk 0:16:48]} Bc5 {[%clk 0:15:48]} 48. Qe2
{[%clk 0:15:33]} Qd4 {[%clk 0:14:33]} 49. Be4 {[%clk 0:15:11]} Ke7
{[%clk 0:09:16]} 50. Bd3 {[%clk 0:15:09]} Qf6 {[%clk 0:06:16]} 51. Bc4
{[%clk 0:15:16]} Qf5 {[%clk 0:06:23]} 52. Bb3 {[%clk 0:15:07]} Kf6
{[%clk 0:06:16]} 53. Kg1 {[%clk 0:14:09]} Ke7 {[%clk 0:05:58]} 54. Bc2
{[%clk 0:14:11]} Qf6 {[%clk 0:06:07]} 55. Kg2 {[%clk 0:13:27]} Qd4
{[%clk 0:06:14]} 56. Bb3 {[%clk 0:13:00]} Qf6 {[%clk 0:06:29]} 57. Bc4
{[%clk 0:12:53]} Qf5 {[%clk 0:06:36]} 58. f3 {[%clk 0:09:57]} gxf3+
{[%clk 0:04:41]} 59. Qxf3 {[%clk 0:10:26]} Qxf3+ {[%clk 0:04:07]} 60. Kxf3
{[%clk 0:10:51]} Bb4 {[%clk 0:01:08]} 61. Kg4 {[%clk 0:04:13]} Kf6
{[%clk 0:01:21]} 62. Kh5 {[%clk 0:04:00]} Bd6 {[%clk 0:01:23]} 63. Kg4
{[%clk 0:04:11]} Bc5 {[%clk 0:00:55]} 64. Kf4 {[%clk 0:03:31]} Bg1
{[%clk 0:01:01]} 65. Kf3 {[%clk 0:03:43]} e5 {[%clk 0:00:41]} 66. Bd3
{[%clk 0:03:06]} e4+ {[%clk 0:00:41]} 67. Bxe4 {[%clk 0:03:32]} Bd4
{[%clk 0:00:44]} 68. h4 {[%clk 0:01:57]} Bc3 {[%clk 0:01:13]} 69. Kf2
{[%clk 0:01:09]} Bd4+ {[%clk 0:01:06]} 70. Kf3 {[%clk 0:00:56]} Bc3
{[%clk 0:01:28]} 71. Kf2 {[%clk 0:00:47]} Bd4+ {[%clk 0:01:50]} 72. Ke2
{[%clk 0:01:06]} Ke5 {[%clk 0:01:21]} 73. Bc2 {[%clk 0:01:23]} Bc3
{[%clk 0:01:16]} 74. Bb1 {[%clk 0:01:43]} Bb4 {[%clk 0:01:26]} 75. Bc2
{[%clk 0:02:12]} Bc3 {[%clk 0:01:25]} 76. Kf3 {[%clk 0:00:58]} Be1
{[%clk 0:01:46]} 77. Bb1 {[%clk 0:01:23]} Kf6 {[%clk 0:02:01]} 78. Kg4
{[%clk 0:01:46]} Bf2 {[%clk 0:01:46]} 79. Kh3 {[%clk 0:01:50]} Ke5
{[%clk 0:01:59]} 80. Bc2 {[%clk 0:01:30]} Be1 {[%clk 0:02:24]} 81. g4
{[%clk 0:01:34]} Kf4 {[%clk 0:02:36]} 82. g5 {[%clk 0:01:56]} Bf2
{[%clk 0:02:35]} 83. Bd1 {[%clk 0:01:48]} Be1 {[%clk 0:02:48]} 84. g6
{[%clk 0:01:48]} Bc3 {[%clk 0:03:13]} 85. Kg2 {[%clk 0:02:06]} Kf5
{[%clk 0:03:24]} 86. h5 {[%clk 0:01:43]} Kf6 {[%clk 0:03:41]} 87. Kf3
{[%clk 0:02:01]} Kg7 {[%clk 0:04:04]} 88. Ke4 {[%clk 0:00:53]} 1/2-1/2

[Event "World Chess Olympiad 2018"]
[Site "Batumi"]
[Date "2018.10.04"]
[Round "10"]
[Board "4"]
[WhiteFideId "4202139"]
[White "Nikolaidis Ioannis"]
[BlackFideId "2106981"]
[Black "El Debs Felipe de Cresce"]
[Result "1/2-1/2"]
[LiveChessVersion "1.4.8"]
[BlackElo "2542"]
[WhiteElo "2544"]

1. d4 {[%clk 1:30:35]} Nf6 {[%clk 1:30:49]} 2. c4 {[%clk 1:30:56]} e6
{[%clk 1:30:53]} 3. Nf3 {[%clk 1:31:00]} b6 {[%clk 1:31:10]} 4. g3
{[%clk 1:29:42]} Bb7 {[%clk 1:31:29]} 5. Bg2 {[%clk 1:30:02]} Bb4+
{[%clk 1:31:38]} 6. Bd2 {[%clk 1:29:49]} a5 {[%clk 1:31:59]} 7. O-O
{[%clk 1:29:03]} O-O {[%clk 1:32:21]} 8. Nc3 {[%clk 1:28:05]} d6 {[%clk 1:28:46]}
9. Qc2 {[%clk 1:28:07]} Nbd7 {[%clk 1:21:43]} 10. Rfe1 {[%clk 1:23:25]} Bxc3
{[%clk 1:19:31]} 11. Bxc3 {[%clk 1:23:33]} Be4 {[%clk 1:17:30]} 12. Qd1
{[%clk 1:21:59]} Re8 {[%clk 1:06:14]} 13. Nd2 {[%clk 1:17:23]} Bxg2
{[%clk 1:06:31]} 14. Kxg2 {[%clk 1:17:50]} Qb8 {[%clk 0:55:30]} 15. e4
{[%clk 1:13:29]} Qb7 {[%clk 0:52:55]} 16. Qf3 {[%clk 1:09:04]} e5
{[%clk 0:51:35]} 17. d5 {[%clk 0:59:47]} Nc5 {[%clk 0:50:40]} 18. a4
{[%clk 0:55:47]} c6 {[%clk 0:42:45]} 19. Qe2 {[%clk 0:52:35]} Rac8
{[%clk 0:39:16]} 20. f3 {[%clk 0:51:56]} Qd7 {[%clk 0:38:19]} 21. dxc6
{[%clk 0:49:13]} Qxc6 {[%clk 0:38:21]} 22. b3 {[%clk 0:48:32]} Nfd7
{[%clk 0:33:14]} 23. Rab1 {[%clk 0:44:21]} Rf8 {[%clk 0:31:15]} 24. Bb2
{[%clk 0:34:58]} f5 {[%clk 0:29:22]} 25. Ba3 {[%clk 0:29:04]} Rf7
{[%clk 0:24:38]} 26. exf5 {[%clk 0:24:50]} Rxf5 {[%clk 0:25:03]} 27. Ne4
{[%clk 0:23:25]} Rcf8 {[%clk 0:24:30]} 28. Bxc5 {[%clk 0:21:12]} Nxc5
{[%clk 0:24:45]} 29. Nxc5 {[%clk 0:19:45]} dxc5 {[%clk 0:23:01]} 30. Rf1
{[%clk 0:17:05]} Rd8 {[%clk 0:22:06]} 31. Rbe1 {[%clk 0:15:59]} Rd4
{[%clk 0:21:35]} 32. Rf2 {[%clk 0:14:59]} h5 {[%clk 0:19:30]} 33. Qc2
{[%clk 0:11:23]} Qf6 {[%clk 0:16:54]} 34. Re3 {[%clk 0:08:37]} h4
{[%clk 0:14:55]} 35. Qe2 {[%clk 0:06:54]} hxg3 {[%clk 0:08:57]} 36. hxg3
{[%clk 0:07:19]} Rg5 {[%clk 0:08:03]} 37. Re4 {[%clk 0:06:05]} Qg6
{[%clk 0:07:57]} 38. Rg4 {[%clk 0:03:34]} Rgxg4 {[%clk 0:06:30]} 39. fxg4
{[%clk 0:04:01]} Re4 {[%clk 0:05:40]} 40. Qf3 {[%clk 0:31:17]} Qxg4
{[%clk 0:33:19]} 41. Qxg4 {[%clk 0:13:30]} Rxg4 {[%clk 0:33:39]} 42. Kf3
{[%clk 0:13:58]} Rd4 {[%clk 0:32:15]} 43. Ke3 {[%clk 0:14:26]} Kh7
{[%clk 0:24:19]} 44. Rf5 {[%clk 0:13:04]} Rd1 {[%clk 0:24:41]} 45. Rh5+
{[%clk 0:12:22]} Kg8 {[%clk 0:22:22]} 46. Rxe5 {[%clk 0:11:53]} Rb1
{[%clk 0:22:48]} 47. Ke4 {[%clk 0:09:53]} Rxb3 {[%clk 0:22:46]} 48. Re6
{[%clk 0:10:15]} Rb1 {[%clk 0:16:10]} 49. Kd5 {[%clk 0:08:53]} Kf7
{[%clk 0:16:30]} 50. Rd6 {[%clk 0:08:37]} Rd1+ {[%clk 0:13:26]} 51. Ke5
{[%clk 0:07:34]} Rb1 {[%clk 0:11:46]} 52. g4 {[%clk 0:07:20]} Rb2
{[%clk 0:06:34]} 53. g5 {[%clk 0:05:04]} Re2+ {[%clk 0:06:51]} 54. Kf5
{[%clk 0:04:27]} g6+ {[%clk 0:04:37]} 55. Kf4 {[%clk 0:04:52]} Rf2+
{[%clk 0:03:10]} 56. Ke4 {[%clk 0:05:09]} Re2+ {[%clk 0:02:02]} 57. Kd5
{[%clk 0:04:55]} Rd2+ {[%clk 0:01:53]} 58. Kc6 {[%clk 0:04:53]} Rb2
{[%clk 0:01:31]} 59. Kd5 {[%clk 0:03:52]} Rd2+ {[%clk 0:01:44]} 60. Kc6
{[%clk 0:04:16]} Rb2 {[%clk 0:01:31]} 61. Kd5 {[%clk 0:04:06]} Rd2+
{[%clk 0:01:36]} 1/2-1/2

[Event "World Chess Olympiad 2018"]
[Site "Batumi"]
[Date "2018.10.04"]
[Round "10"]
[Board "1"]
[WhiteFideId "14200244"]
[White "Kasimdzhanov Rustam"]
[BlackFideId "1900072"]
[Black "Galego Luis"]
[Result "1/2-1/2"]
[LiveChessVersion "1.4.8"]
[BlackElo "2471"]
[WhiteElo "2662"]

1. e4 {[%clk 1:30:57]} c5 {[%clk 1:30:47]} 2. Nf3 {[%clk 1:31:21]} a6
{[%clk 1:30:16]} 3. c4 {[%clk 1:31:42]} d6 {[%clk 1:28:44]} 4. d4
{[%clk 1:31:58]} Nf6 {[%clk 1:28:28]} 5. Nc3 {[%clk 1:32:14]} cxd4
{[%clk 1:28:35]} 6. Nxd4 {[%clk 1:32:37]} Nc6 {[%clk 1:28:11]} 7. Be2
{[%clk 1:30:46]} g6 {[%clk 1:21:00]} 8. Be3 {[%clk 1:25:27]} Nxd4
{[%clk 1:16:32]} 9. Bxd4 {[%clk 1:23:46]} Bg7 {[%clk 1:16:53]} 10. Nd5
{[%clk 1:15:18]} Nxd5 {[%clk 1:12:06]} 11. Bxg7 {[%clk 1:10:05]} Qa5+
{[%clk 1:11:56]} 12. Qd2 {[%clk 0:54:54]} Qxd2+ {[%clk 1:12:13]} 13. Kxd2
{[%clk 0:55:21]} Rg8 {[%clk 1:12:35]} 14. Bd4 {[%clk 0:39:59]} Nf4
{[%clk 1:12:49]} 15. Bf1 {[%clk 0:40:09]} g5 {[%clk 1:08:55]} 16. h4
{[%clk 0:39:58]} g4 {[%clk 1:08:32]} 17. e5 {[%clk 0:39:49]} Ne6 {[%clk 0:56:15]}
18. Bc3 {[%clk 0:39:57]} dxe5 {[%clk 0:56:29]} 19. Bxe5 {[%clk 0:40:05]} f6
{[%clk 0:56:39]} 20. Bc3 {[%clk 0:38:53]} g3 {[%clk 0:50:48]} 21. fxg3
{[%clk 0:34:02]} Nc5 {[%clk 0:49:24]} 22. Re1 {[%clk 0:23:35]} Bf5
{[%clk 0:48:09]} 23. Kc1 {[%clk 0:23:54]} Kf7 {[%clk 0:37:09]} 24. Re3
{[%clk 0:17:13]} Rad8 {[%clk 0:31:24]} 25. Bb4 {[%clk 0:13:02]} b6
{[%clk 0:29:12]} 26. Be2 {[%clk 0:12:40]} Bg4 {[%clk 0:28:58]} 27. Bxc5
{[%clk 0:08:34]} bxc5 {[%clk 0:29:24]} 28. Bd3 {[%clk 0:06:22]} h6
{[%clk 0:28:43]} 29. Rhe1 {[%clk 0:05:15]} e5 {[%clk 0:27:58]} 30. Bc2
{[%clk 0:03:27]} Be6 {[%clk 0:25:24]} 31. b3 {[%clk 0:01:00]} 1/2-1/2

[Event "World Chess Olympiad 2018"]
[Site "Batumi"]
[Date "2018.10.04"]
[Round "10"]
[Board "2"]
[WhiteFideId "1900021"]
[White "Fernandes Antonio"]
[BlackFideId "14204118"]
[Black "Abdusattorov Nodirbek"]
[Result "1/2-1/2"]
[LiveChessVersion "1.4.8"]
[BlackElo "2558"]
[WhiteElo "2389"]

1. e4 {[%clk 1:30:56]} c5 {[%clk 1:30:51]} 2. Nf3 {[%clk 1:31:23]} d6
{[%clk 1:31:13]} 3. d4 {[%clk 1:31:48]} cxd4 {[%clk 1:31:38]} 4. Qxd4
{[%clk 1:32:10]} Nf6 {[%clk 1:32:01]} 5. Bg5 {[%clk 1:31:49]} e6 {[%clk 1:31:41]}
6. e5 {[%clk 1:26:05]} Nc6 {[%clk 1:29:21]} 7. Bb5 {[%clk 1:25:56]} Qa5+
{[%clk 1:19:51]} 8. Nc3 {[%clk 1:26:08]} dxe5 {[%clk 1:16:51]} 9. Qxe5
{[%clk 0:55:55]} Bd7 {[%clk 1:01:23]} 10. Bxc6 {[%clk 4:15:04]} Qxe5+
{[%clk 1:01:48]} 11. Nxe5 {[%clk 0:56:27]} Bxc6 {[%clk 1:02:05]} 12. Nxc6
{[%clk 0:56:29]} bxc6 {[%clk 1:02:30]} 13. O-O-O {[%clk 0:51:10]} Bb4
{[%clk 1:01:24]} 14. Na4 {[%clk 0:47:59]} Nd5 {[%clk 0:56:25]} 15. a3
{[%clk 0:26:57]} Be7 {[%clk 0:56:25]} 16. Bxe7 {[%clk 0:27:00]} Kxe7
{[%clk 0:56:45]} 17. Rd4 {[%clk 0:27:24]} Rhd8 {[%clk 0:53:01]} 18. Rhd1
{[%clk 0:27:29]} g5 {[%clk 0:48:27]} 19. g3 {[%clk 0:25:49]} h5 {[%clk 0:38:07]}
20. h3 {[%clk 0:14:57]} Nf6 {[%clk 0:28:52]} 21. Nc3 {[%clk 0:14:31]} Rxd4
{[%clk 0:28:02]} 22. Rxd4 {[%clk 0:15:00]} Nd7 {[%clk 0:23:46]} 23. Ne4
{[%clk 0:13:22]} g4 {[%clk 0:22:11]} 24. h4 {[%clk 0:10:50]} f5 {[%clk 0:22:01]}
25. Nd2 {[%clk 0:10:19]} Nb6 {[%clk 0:21:04]} 26. Nc4 {[%clk 0:07:58]} c5
{[%clk 0:20:19]} 27. Nxb6 {[%clk 0:08:19]} axb6 {[%clk 0:20:45]} 28. Rd3
{[%clk 0:08:31]} e5 {[%clk 0:19:20]} 29. Rb3 {[%clk 0:07:40]} Ra6
{[%clk 0:19:35]} 30. Kd2 {[%clk 0:07:26]} Ke6 {[%clk 0:17:53]} 31. Ke3
{[%clk 0:06:19]} Ke7 {[%clk 0:17:56]} 32. c4 {[%clk 0:00:58]} Ke6
{[%clk 0:16:31]} 33. Kd3 {[%clk 0:00:32]} Kd6 {[%clk 0:16:01]} 34. Kc2
{[%clk 0:00:31]} Ke7 {[%clk 0:14:22]} 35. Kd3 {[%clk 0:00:39]} Ke6
{[%clk 0:14:28]} 36. Ke3 {[%clk 0:01:05]} Ke7 {[%clk 0:14:30]} 37. Kd3
{[%clk 0:01:30]} Kd7 {[%clk 0:14:49]} 38. Kc2 {[%clk 0:01:30]} 1/2-1/2

[Event "World Chess Olympiad 2018"]
[Site "Batumi"]
[Date "2018.10.04"]
[Round "10"]
[Board "3"]
[WhiteFideId "14203987"]
[White "Yakubboev Nodirbek"]
[BlackFideId "1900030"]
[Black "Damaso Rui"]
[Result "1-0"]
[LiveChessVersion "1.4.8"]
[BlackElo "2440"]
[WhiteElo "2521"]

1. d4 {[%clk 1:30:15]} Nf6 {[%clk 1:30:49]} 2. c4 {[%clk 1:25:36]} g6
{[%clk 1:30:14]} 3. g3 {[%clk 1:20:27]} Bg7 {[%clk 1:30:00]} 4. Bg2
{[%clk 1:19:24]} O-O {[%clk 1:30:15]} 5. Nc3 {[%clk 1:19:41]} d6 {[%clk 1:30:35]}
6. Nf3 {[%clk 1:19:17]} c6 {[%clk 1:30:35]} 7. O-O {[%clk 1:17:49]} Qb6
{[%clk 1:30:44]} 8. b3 {[%clk 1:16:14]} e5 {[%clk 1:28:47]} 9. Ba3
{[%clk 1:10:45]} Qa5 {[%clk 1:19:20]} 10. Qc1 {[%clk 1:03:49]} exd4
{[%clk 1:14:34]} 11. Nxd4 {[%clk 1:04:01]} Na6 {[%clk 1:14:11]} 12. Rd1
{[%clk 0:59:26]} Re8 {[%clk 0:47:09]} 13. Bxd6 {[%clk 0:52:27]} Qh5
{[%clk 0:45:10]} 14. f3 {[%clk 0:38:41]} Bh3 {[%clk 0:41:06]} 15. Bxh3
{[%clk 0:34:19]} Qxh3 {[%clk 0:39:26]} 16. e4 {[%clk 0:33:13]} Rad8
{[%clk 0:28:49]} 17. Nde2 {[%clk 0:30:55]} Nd7 {[%clk 0:24:11]} 18. Qe3
{[%clk 0:26:51]} f5 {[%clk 0:23:38]} 19. e5 {[%clk 0:19:23]} f4 {[%clk 0:13:05]}
20. Nxf4 {[%clk 0:15:02]} Qf5 {[%clk 0:13:26]} 21. g4 {[%clk 0:07:01]} Qg5
{[%clk 0:12:30]} 22. Ne4 {[%clk 0:07:02]} Rxe5 {[%clk 0:12:17]} 23. Bxe5
{[%clk 0:05:12]} Qxe5 {[%clk 0:12:42]} 24. Ng2 {[%clk 0:05:01]} Rf8
{[%clk 0:11:23]} 25. Rac1 {[%clk 0:05:15]} Qe7 {[%clk 0:08:19]} 26. f4
{[%clk 0:05:10]} Re8 {[%clk 0:03:34]} 27. Qf3 {[%clk 0:03:56]} Nac5
{[%clk 0:02:44]} 28. Nxc5 {[%clk 0:04:06]} Nxc5 {[%clk 0:03:10]} 29. Re1
{[%clk 0:03:40]} Bd4+ {[%clk 0:02:05]} 30. Kh1 {[%clk 0:03:53]} Ne4
{[%clk 0:02:28]} 31. Rc2 {[%clk 0:04:01]} 1-0

[Event "World Chess Olympiad 2018"]
[Site "Batumi"]
[Date "2018.10.04"]
[Round "10"]
[Board "4"]
[WhiteFideId "1909991"]
[White "Martins David Pires Tavares"]
[BlackFideId "14200104"]
[Black "Iuldachev Saidali"]
[Result "0-1"]
[LiveChessVersion "1.4.8"]
[BlackElo "2445"]
[WhiteElo "2402"]

1. d4 {[%clk 1:30:54]} Nf6 {[%clk 1:30:24]} 2. c4 {[%clk 1:31:18]} d6
{[%clk 1:29:42]} 3. Nc3 {[%clk 1:31:35]} Nbd7 {[%clk 1:28:45]} 4. e4
{[%clk 1:31:51]} e5 {[%clk 1:29:08]} 5. Nf3 {[%clk 1:32:07]} Be7 {[%clk 1:28:43]}
6. Be2 {[%clk 1:32:29]} O-O {[%clk 1:29:07]} 7. O-O {[%clk 1:32:55]} c6
{[%clk 1:29:32]} 8. Be3 {[%clk 1:32:34]} Ng4 {[%clk 1:25:10]} 9. Bd2
{[%clk 1:32:44]} a6 {[%clk 1:24:41]} 10. d5 {[%clk 1:32:26]} Ngf6
{[%clk 1:12:18]} 11. Ne1 {[%clk 1:24:57]} cxd5 {[%clk 1:11:28]} 12. cxd5
{[%clk 1:25:20]} b5 {[%clk 1:11:53]} 13. Nc2 {[%clk 1:25:28]} Nc5
{[%clk 1:00:07]} 14. f3 {[%clk 1:25:47]} Bd7 {[%clk 0:59:40]} 15. Nb4
{[%clk 1:18:27]} Qc8 {[%clk 0:55:06]} 16. Be3 {[%clk 1:15:13]} Bd8
{[%clk 0:54:38]} 17. Qd2 {[%clk 1:10:20]} Ba5 {[%clk 0:48:32]} 18. Nb1
{[%clk 0:58:00]} Nh5 {[%clk 0:44:31]} 19. Rc1 {[%clk 0:57:55]} Nf4
{[%clk 0:39:01]} 20. a3 {[%clk 0:50:23]} Qd8 {[%clk 0:31:37]} 21. Bxf4
{[%clk 0:43:52]} exf4 {[%clk 0:31:02]} 22. Qd1 {[%clk 0:43:39]} Bb6
{[%clk 0:28:19]} 23. Kh1 {[%clk 0:43:57]} f5 {[%clk 0:28:27]} 24. Nc3
{[%clk 0:42:04]} Qh4 {[%clk 0:25:53]} 25. e5 {[%clk 0:42:09]} dxe5
{[%clk 0:25:44]} 26. d6 {[%clk 0:42:10]} Ne6 {[%clk 0:23:02]} 27. Ncd5
{[%clk 0:41:12]} Bd4 {[%clk 0:23:06]} 28. Ra2 {[%clk 0:38:31]} Kh8
{[%clk 0:22:40]} 29. b3 {[%clk 0:36:06]} Be3 {[%clk 0:15:42]} 30. Rc3
{[%clk 0:34:16]} Bd4 {[%clk 0:15:59]} 31. Rcc2 {[%clk 0:33:50]} Nc5
{[%clk 0:14:26]} 32. Rd2 {[%clk 0:31:06]} Nxb3 {[%clk 0:12:54]} 33. Rd3
{[%clk 0:29:54]} Nc5 {[%clk 0:12:01]} 34. Rdd2 {[%clk 0:30:20]} a5
{[%clk 0:06:03]} 35. Nc2 {[%clk 0:29:57]} Bf2 {[%clk 0:04:55]} 36. Bf1
{[%clk 0:29:00]} e4 {[%clk 0:03:50]} 37. Nd4 {[%clk 0:28:35]} Be3
{[%clk 0:03:29]} 38. Re2 {[%clk 0:26:00]} Nd3 {[%clk 0:02:57]} 0-1

[Event "World Chess Olympiad 2018"]
[Site "Batumi"]
[Date "2018.10.04"]
[Round "10"]
[Board "1"]
[WhiteFideId "2900017"]
[White "Georgiev Kiril"]
[BlackFideId "3507416"]
[Black "Bacallao Alonso Yusnel"]
[Result "1-0"]
[LiveChessVersion "1.4.8"]
[BlackElo "2588"]
[WhiteElo "2590"]

1. d4 {[%clk 1:30:40]} Nf6 {[%clk 1:30:54]} 2. c4 {[%clk 1:31:04]} e6
{[%clk 1:31:20]} 3. Nc3 {[%clk 1:31:20]} Bb4 {[%clk 1:31:33]} 4. Qc2
{[%clk 1:31:11]} b6 {[%clk 1:30:26]} 5. a3 {[%clk 1:25:08]} Bxc3+
{[%clk 1:30:49]} 6. Qxc3 {[%clk 1:25:35]} Bb7 {[%clk 1:31:10]} 7. Nf3
{[%clk 1:25:46]} d6 {[%clk 1:30:47]} 8. g3 {[%clk 1:26:07]} a5 {[%clk 1:27:59]}
9. b3 {[%clk 1:26:04]} O-O {[%clk 1:28:03]} 10. Bg2 {[%clk 1:26:31]} Nbd7
{[%clk 1:28:00]} 11. O-O {[%clk 1:26:50]} c5 {[%clk 1:24:50]} 12. Bb2
{[%clk 1:24:43]} Qc7 {[%clk 1:24:49]} 13. Rfd1 {[%clk 1:24:19]} Rfd8
{[%clk 1:24:34]} 14. Rac1 {[%clk 1:23:27]} Rac8 {[%clk 1:19:47]} 15. Bh3
{[%clk 1:17:42]} d5 {[%clk 1:08:14]} 16. cxd5 {[%clk 1:12:55]} Bxd5
{[%clk 1:08:18]} 17. Nd2 {[%clk 1:12:58]} Qb8 {[%clk 0:58:38]} 18. f3
{[%clk 1:08:58]} h6 {[%clk 0:43:32]} 19. e4 {[%clk 1:00:28]} cxd4
{[%clk 0:42:16]} 20. Qxd4 {[%clk 1:00:33]} Bb7 {[%clk 0:40:35]} 21. Nc4
{[%clk 0:57:08]} Ba6 {[%clk 0:39:20]} 22. Bf1 {[%clk 0:56:22]} a4
{[%clk 0:28:23]} 23. b4 {[%clk 0:47:38]} Bxc4 {[%clk 0:26:35]} 24. Bxc4
{[%clk 0:46:57]} Ne5 {[%clk 0:26:37]} 25. Qxe5 {[%clk 0:46:44]} Rxd1+
{[%clk 0:27:01]} 26. Rxd1 {[%clk 0:47:08]} Qxe5 {[%clk 0:27:28]} 27. Bxe5
{[%clk 0:47:24]} Rxc4 {[%clk 0:27:55]} 28. g4 {[%clk 0:43:22]} Rc8
{[%clk 0:21:28]} 29. h4 {[%clk 0:38:40]} Kf8 {[%clk 0:18:54]} 30. Rd6
{[%clk 0:38:03]} Ke8 {[%clk 0:17:22]} 31. Kg2 {[%clk 0:32:00]} Rc2+
{[%clk 0:15:08]} 32. Kg3 {[%clk 0:32:18]} Ra2 {[%clk 0:15:35]} 33. Rd3
{[%clk 0:32:07]} Ke7 {[%clk 0:11:45]} 34. h5 {[%clk 0:27:20]} Rc2
{[%clk 0:10:16]} 35. b5 {[%clk 0:26:00]} Rc8 {[%clk 0:08:46]} 36. Rd4
{[%clk 0:21:10]} Ra8 {[%clk 0:04:33]} 37. Rc4 {[%clk 0:17:33]} Ra5
{[%clk 0:04:23]} 38. Rc7+ {[%clk 0:14:05]} Ke8 {[%clk 0:04:49]} 39. Bd6
{[%clk 0:14:12]} Nd7 {[%clk 0:04:28]} 40. Rc8# {[%clk 0:44:35]} 1-0

[Event "World Chess Olympiad 2018"]
[Site "Batumi"]
[Date "2018.10.04"]
[Round "10"]
[Board "2"]
[WhiteFideId "3503321"]
[White "Gonzalez Vidal Yuri"]
[BlackFideId "2903024"]
[Black "Georgiev Vladimir"]
[Result "1-0"]
[LiveChessVersion "1.4.8"]
[BlackElo "2479"]
[WhiteElo "2566"]

1. e4 {[%clk 1:30:56]} c5 {[%clk 1:30:55]} 2. Nf3 {[%clk 1:31:18]} Nc6
{[%clk 1:31:20]} 3. Bb5 {[%clk 1:31:33]} g6 {[%clk 1:31:40]} 4. Bxc6
{[%clk 1:31:32]} dxc6 {[%clk 1:32:04]} 5. d3 {[%clk 1:31:34]} Bg7
{[%clk 1:32:23]} 6. h3 {[%clk 1:31:20]} b6 {[%clk 1:32:46]} 7. O-O
{[%clk 1:26:50]} e5 {[%clk 1:29:28]} 8. Nbd2 {[%clk 1:26:23]} f6 {[%clk 1:26:07]}
9. a3 {[%clk 1:23:18]} a5 {[%clk 1:24:30]} 10. a4 {[%clk 1:19:23]} Be6
{[%clk 1:22:30]} 11. b3 {[%clk 1:17:43]} Nh6 {[%clk 1:21:35]} 12. Nc4
{[%clk 1:17:33]} Nf7 {[%clk 1:21:52]} 13. Bb2 {[%clk 0:59:45]} O-O
{[%clk 1:13:58]} 14. Qe2 {[%clk 0:53:26]} Qc7 {[%clk 1:12:49]} 15. Nh2
{[%clk 0:51:51]} Rae8 {[%clk 1:08:55]} 16. Rae1 {[%clk 0:49:11]} Bc8
{[%clk 1:05:29]} 17. Bc1 {[%clk 0:44:34]} f5 {[%clk 0:57:27]} 18. exf5
{[%clk 0:42:15]} gxf5 {[%clk 0:57:45]} 19. Bb2 {[%clk 0:41:52]} b5
{[%clk 0:49:49]} 20. Nd2 {[%clk 0:41:51]} Ba6 {[%clk 0:46:20]} 21. Qh5
{[%clk 0:36:51]} bxa4 {[%clk 0:39:27]} 22. Qxf5 {[%clk 0:33:28]} axb3
{[%clk 0:38:35]} 23. Nxb3 {[%clk 0:30:30]} c4 {[%clk 0:37:52]} 24. Nc5
{[%clk 0:29:38]} Bc8 {[%clk 0:38:15]} 25. Qh5 {[%clk 0:28:44]} cxd3
{[%clk 0:34:41]} 26. cxd3 {[%clk 0:26:19]} Nh6 {[%clk 0:33:02]} 27. Nf3
{[%clk 0:21:57]} Bf5 {[%clk 0:30:38]} 28. Nxe5 {[%clk 0:11:21]} Qb6
{[%clk 0:09:44]} 29. Nc4 {[%clk 0:08:14]} Rxe1 {[%clk 0:03:57]} 30. Nxb6
{[%clk 0:07:58]} Rxf1+ {[%clk 0:03:16]} 31. Kxf1 {[%clk 0:08:19]} Bxb2
{[%clk 0:03:31]} 32. Qxh6 {[%clk 0:08:08]} Bd4 {[%clk 0:03:31]} 33. Qxc6
{[%clk 0:07:40]} Bxf2 {[%clk 0:03:01]} 34. Qd5+ {[%clk 0:06:49]} Kg7
{[%clk 0:03:18]} 35. Qe5+ {[%clk 0:07:04]} Kg8 {[%clk 0:03:41]} 36. Kxf2
{[%clk 0:07:19]} 1-0